00450nam a2200193Ia 4500008004100000020001800041050001400059100001800073245002100091245001800112260001500130260001600145260000900161300001500170300002700185300001000212440002600222500000800248170918s9999 xx 000 0 und d a9780439314343 bC237 2002 aCapecci, Anne aElectric storm / cAnne Capecci. aNew York : bScholastic, c2002 a92 pages : bcolored illustration ; c19cm. aThe magic school bus. a570